Stability and Perfection of Nash Equilibria

Enregistré dans:
Détails bibliographiques
Auteur principal: Damme, Eric van
Format: Livre
Langue:anglais
Publié: Berlin Springer 1996
Édition:2. rev. and enlarg. ed.
Sujets:
Tags: Ajouter un tag
Pas de tags, Soyez le premier à ajouter un tag!

MARC

LEADER 00000nam a2200000 4500
001 c014872
005 20221205125639.9
020 |a 3-540-53800-3 
041 0 |a eng 
044 |a DE 
245 1 0 |a Stability and Perfection of Nash Equilibria  |c Eric van Damme 
250 |a 2. rev. and enlarg. ed. 
264 1 |a Berlin  |b Springer  |c 1996 
300 |a 339 s. 
610 2 0 |a teória hier 
610 2 0 |a rovnováha hospodárska 
610 2 0 |a hry ekonomické 
610 2 0 |a Nash, John F. 
100 1 |a Damme, Eric van